000 00618nam a2200229Ia 4500
005 20241216010249.0
008 180423s9999||||xx |||||||||||||| ||und||
020 _a968-7270-13-6
082 _a310.658
_bM42
100 _aMENDENHALL, WILLIAM Y OTROS
245 0 _aESTADISTICA PARA ADMINISTRACION Y ECONOMIA
250 _a0
260 _aMEXICO
_bGRUPO EDITORIAL IBEROAMER
_c1993
300 _a707 pag.
_c22 cm
341 _h0
490 _v0
_a0
505 _aESTADISTICA DESCRIPTIVA/PROBABILIDAD/VARIABLES
541 _aC
_d10-May-04
650 _aCIENCIAS SOCIALES
856 _zHumanidades
942 _cLIBRO
999 _c9831
_d9831